Confucianism : (Record no. 45854)

MARC details
000 -LEADER
fixed length control field 03923cam a2200553 i 4500
003 - CONTROL NUMBER IDENTIFIER
control field PHURS
005 - DATE AND TIME OF LATEST TRANSACTION
control field 20260218105610.0
008 - FIXED-LENGTH DATA ELEMENTS--GENERAL INFORMATION
fixed length control field 180103s2017 hiu ob 001 0 eng d
040 ## - CATALOGING SOURCE
Original cataloging agency N$T
Language of cataloging eng
Description conventions rda
-- pn
Transcribing agency N$T
Modifying agency YDX
-- N$T
-- OCLCO
-- EBLCP
-- MERUC
-- OCLCF
-- IDB
-- OCLCQ
-- CUS
-- ELW
-- OAPEN
-- OCLCQ
-- JSTOR
-- ICN
-- SOI
-- EZ9
-- ERL
-- LOA
-- UKKNU
-- U3W
-- LVT
-- TKN
-- YOU
-- OCLCQ
-- BRX
-- OCLCO
-- TXR
-- VLB
-- UPM
-- VT2
-- DKC
-- AU@
-- OCLCQ
-- N$T
-- OCLCQ
-- OCLCO
-- OCLCQ
-- OCLCO
020 ## - INTERNATIONAL STANDARD BOOK NUMBER
International Standard Book Number 9780824867317
Qualifying information (electronic bk.)
020 ## - INTERNATIONAL STANDARD BOOK NUMBER
International Standard Book Number 0824867319
Qualifying information (electronic bk.)
020 ## - INTERNATIONAL STANDARD BOOK NUMBER
International Standard Book Number 9780824878320
Qualifying information (electronic bk.)
020 ## - INTERNATIONAL STANDARD BOOK NUMBER
International Standard Book Number 0824878329
Qualifying information (electronic bk.)
020 ## - INTERNATIONAL STANDARD BOOK NUMBER
International Standard Book Number 9780824867300
Qualifying information (electronic bk.)
020 ## - INTERNATIONAL STANDARD BOOK NUMBER
International Standard Book Number 0824867300
Qualifying information (electronic bk.)
020 ## - INTERNATIONAL STANDARD BOOK NUMBER
International Standard Book Number 9780824878313
Qualifying information (electronic bk.)
020 ## - INTERNATIONAL STANDARD BOOK NUMBER
International Standard Book Number 0824878310
Qualifying information (electronic bk.)
050 #4 - LIBRARY OF CONGRESS CALL NUMBER
Classification number BL1853
100 1# - MAIN ENTRY--PERSONAL NAME
Personal name Li, Minghui,
Dates associated with a name 1953-
Relator term author.
Authority record control number or standard number http://id.loc.gov/authorities/names/nr91002730
245 10 - TITLE STATEMENT
Title Confucianism :
Remainder of title its roots and global significance /
Statement of responsibility, etc. Ming-huei Lee ; edited by David Jones.
264 #1 - PRODUCTION, PUBLICATION, DISTRIBUTION, MANUFACTURE, AND COPYRIGHT NOTICE
Place of production, publication, distribution, manufacture Honolulu :
Name of producer, publisher, distributor, manufacturer University of Hawaiʻi Press :
-- East-West Center,
Date of production, publication, distribution, manufacture, or copyright notice [2017]
264 #4 - PRODUCTION, PUBLICATION, DISTRIBUTION, MANUFACTURE, AND COPYRIGHT NOTICE
Date of production, publication, distribution, manufacture, or copyright notice ©2017
300 ## - PHYSICAL DESCRIPTION
Extent 1 online resource
336 ## - CONTENT TYPE
Content type term text
Content type code txt
Source rdacontent
337 ## - MEDIA TYPE
Media type term computer
Media type code c
Source rdamedia
338 ## - CARRIER TYPE
Carrier type term online resource
Carrier type code cr
Source rdacarrier
490 1# - SERIES STATEMENT
Series statement Confucian cultures
588 0# - SOURCE OF DESCRIPTION NOTE
Source of description note Online resource; title from PDF title page (EBSCO, viewed January 5, 2018).
504 ## - BIBLIOGRAPHY, ETC. NOTE
Bibliography, etc. note Includes bibliographical references and index.
505 0# - FORMATTED CONTENTS NOTE
Formatted contents note Mou Zongsan's interpretation of Confucianism : some hermeneutical reflections -- Modern new Confucians on the religiousness of Confucianism -- The debate on ren between Zhu Xi and Huxiang scholars -- The four-seven debate between Yi Toegye and Gi Gobong and its philosophical purport -- Wang Yangming's philosophy and modern theories of democracy : a reconstructive interpretation -- Confucianism, Kant, and virtue ethics -- A critique of Jiang Qing's "Political Confucianism."
520 ## - SUMMARY, ETC.
Summary, etc. In Confucianism: Its Roots and Global Significance, English language readers get a rare opportunity to read the work in a single volume of one of Taiwan's most distinguished scholars. Although Lee Ming-huei has published in English before, the corpus of his non-Chinese writings is in German. Readers of this volume will discover the hard-mindedness and precision of thinking associated with German philosophy as they enter into Lee's discussions of Confucianism. Progressing through the book, they will be constantly reminded that all philosophy should be truly comparative. The work is divided into three parts: Classical Confucianism and Its Modern Re-Interpretations, Neo-Confucianism in China and Korea, and Ethics and Politics. The interrelated ideas and arguments presented here contribute significantly to the Confucian project in English-speaking countries across the world.
542 1# - INFORMATION RELATING TO COPYRIGHT STATUS
Copyright statement This work is licensed under a Creative Commons license
Uniform Resource Identifier https://creativecommons.org/licenses/by-nc-nd/4.0/legalcode
542 1# - INFORMATION RELATING TO COPYRIGHT STATUS
Copyright statement This work is licensed by Knowledge Unlatched under a Creative Commons license
Uniform Resource Identifier https://creativecommons.org/licenses/by-nc-nd/4.0/legalcode
506 0# - RESTRICTIONS ON ACCESS NOTE
Institution to which field applies EbpS
590 ## - LOCAL NOTE (RLIN)
Local note JSTOR
Provenance (VM) [OBSOLETE] Books at JSTOR Open Access
650 #0 - SUBJECT ADDED ENTRY--TOPICAL TERM
Topical term or geographic name entry element Confucianism.
650 #6 - SUBJECT ADDED ENTRY--TOPICAL TERM
Topical term or geographic name entry element Confucianisme.
650 #7 - SUBJECT ADDED ENTRY--TOPICAL TERM
Topical term or geographic name entry element Confucianism.
650 #7 - SUBJECT ADDED ENTRY--TOPICAL TERM
Topical term or geographic name entry element PHILOSOPHY
General subdivision Eastern.
650 #7 - SUBJECT ADDED ENTRY--TOPICAL TERM
Topical term or geographic name entry element RELIGION
General subdivision Confucianism.
650 #7 - SUBJECT ADDED ENTRY--TOPICAL TERM
Topical term or geographic name entry element Confucianism.
655 #4 - INDEX TERM--GENRE/FORM
Genre/form data or focus term Electronic books.
700 1# - ADDED ENTRY--PERSONAL NAME
Personal name Jones, David Edward,
Relator term editor.
Authority record control number or standard number http://id.loc.gov/authorities/names/n2007070831
776 1# - ADDITIONAL PHYSICAL FORM ENTRY
Qualifying information Original
Record control number (DLC) 2017009064
830 #0 - SERIES ADDED ENTRY--UNIFORM TITLE
Uniform title Confucian cultures.
Authority record control number or standard number http://id.loc.gov/authorities/names/no2017025126
856 ## - ELECTRONIC LOCATION AND ACCESS
Uniform Resource Identifier <a href="https://docs.google.com/spreadsheets/d/1yKIrdCPDAG_9c22mwoOIO2DOhtj65Wqa/edit?usp=sharing&ouid=106555315294820607512&rtpof=true&sd=true ">https://docs.google.com/spreadsheets/d/1yKIrdCPDAG_9c22mwoOIO2DOhtj65Wqa/edit?usp=sharing&ouid=106555315294820607512&rtpof=true&sd=true </a>
Link text List of Curated E-Books
942 ## - ADDED ENTRY ELEMENTS (KOHA)
Source of classification or shelving scheme Library of Congress Classification
Koha item type E-Book
994 ## -
-- 92
-- PHURS
Holdings
Withdrawn status Source of classification or shelving scheme Damaged status Not for loan Home library Current library Date acquired Total Checkouts Date last seen Price effective from Koha item type
  Library of Congress Classification   Not For Loan Directory of Open Access Books Directory of Open Access Books 12/22/2021   12/22/2021 12/22/2021 E-Book
  Library of Congress Classification     JSTOR Open Access Books JSTOR Open Access Books 05/22/2022   05/22/2022 05/22/2022 E-Book

University of Rizal System
Email us at univlibservices@urs.edu.ph

Visit our Website www.urs.edu.ph/library